000 00566nam a2200193Ia 4500
005 20250508165116.0
008 008 250505s9999 xx 000 0 hin d
037 _aDissertations
040 _aFEDL
_beng
_cFEDL
041 _ahin
_2eng
084 _a707, ANJ/DI
_qFEDL
100 _aAnjani Kumar
245 0 _aMadhyamik ster per kala shikshan se sambandhit samasyaon awam muddon ka adhyyan
260 _c2011
300 _a115p.
546 _aM. Ed. Dissertation, (Delhi University)
942 _cDIS
_h707, ANJ/DI
999 _c1393218
_d1393218